000 02553nam a2200481 a 4500
003 CHAP
005 20251202143024.0
007 cr ||||||a|c|a
008 101029s2010 mx r 00010 spa d
035 _a111294
040 _cCHAP
090 _aTesis
100 1 _aDelgado Solis, Rogelio
_931661
245 1 0 _aCondiciones de maquinado de los materiales más utilizados en la fabricación de piezas mediante sistemas CAD/CAM
_c/por Rogelio Delgado Solis y Luís Coyotl Tapia; director Abraham Cortés Hernández
264 _aChapingo, Méx. :
_bEl autor,
_c2010.
300 _a1 recurso en línea (142 páginas):
_bcuadros, figuras
336 _2rdacontent
_atexto
_btxt
337 _2rdamedia
_acomputadora
_bc
338 _2rdacarrier
_arecursos en línea
_bcr
502 _bIMAg
_cMecánica
_d2010
_gLIC
520 _aEl presente trabajo tiene por objeto desarrollar una investigación teórico practica en lo referente a las nuevas tecnologías que se han desarrollado en los últimos años en lo que respecta a máquinas CNC en Centros de Maquinado y Centros de Torneado Principalmente. La investigación se realiza básicamente para analizar las condiciones de maquinado de los materiales más utilizados en la fabricación de piezas mediante sistemas CAD/CAM. Esto mediante la selección de herramientas adecuadas de acuerdo al material y la geometría de la pieza para llevar a cabo el maquinado. Para esto se procede a realizar cálculos de las condiciones de corte en diversas aplicaciones en centros de maquinado y de torneado, así como las propiedades mecánicas de los aceros grado maquinaria.
590 _aALEPH
_b10
_c20130110
590 _aBATCH-UPD
_b10
_c20130110
590 _aBATCH-UPD
_b10
_c20130410
590 _aBATCH-UPD
_b10
_c20130913
590 _aBATCH-UPD
_b10
_c20140324
590 _aBATCH-UPD
_b10
_c20141002
590 _aCONVERSION
_b10
_c20130109
650 1 4 _aAcero estructural.
_9487
650 1 4 _aInnovaciones tecnológicas.
_958829
650 1 4 _aMaquinaria industrial.
_971219
650 1 4 _aMetales.
_975163
650 1 4 _aTornos.
_9113956
700 1 _aCoyotl Tapia, Luís.
_928766
700 0 _aCortés Hernández, Abraham
_928361
_eDirector
856 _uhttp://10.13.5.2/tesis/111294.pdf
_zDESCARGAR PDF
901 _aBK
942 _cTD
_2Clasificación Universidad Autónoma Chapingo
949 _aTesis
_bBC
_cTES
_d33724002214306
_eTS1
_gDonaciØn
_h51327
_i111294
_sb
949 _aTesis
_bBC
_cTES
_d33724002214314
_eTS2
_fc.2
_gDonaciØn
_h51328
_i111294
_sb
999 _c99636
_d99636